| 000 | 00765nam a2200229Ii 4500 | ||
|---|---|---|---|
| 003 | JO-AjNU | ||
| 008 | 230605s9999||||xx |||||||||||||| ||und|| | ||
| 017 | _a2007/12/3404 | ||
| 020 | _a978-9957-16-300-6 | ||
| 040 |
_aJO-AjNU _bara _erda _cJO-AjNU |
||
| 041 | _aara | ||
| 050 | 1 | 4 | _aLB2806.15.S2422 2015 |
| 100 | 3 |
_aسلامه،عادل ابو العز , _eauthor _957697 |
|
| 245 | 0 | 0 | _aتخطيط المناهج العاصره |
| 250 | _aط2 | ||
| 264 | 3 | 1 | _aعمان: دار الثقافه للنشر والتوزيع، 2015 |
| 300 |
_a400ص _bببليوجرافيا:400 |
||
| 336 |
_atext _btxt _2rdacontent |
||
| 337 |
_aunmediated _bn _2rdamedia |
||
| 338 |
_avolume _bnc _2rdacarrier |
||
| 650 | 4 |
_aالمناهج-التخطيط-التربيه _957698 |
|
| 999 |
_aA25871 _c29439 _d29439 |
||